[Event "Ruhrgebiet Verbandsklasse Gruppe 1 1516"]
[Site "Germany"]
[Date "2015.09.06"]
[Round "1.6"]
[White "Fink, Bernd"]
[Black "Berke, Martin"]
[Result "1-0"]
[WhiteElo "1603"]
[BlackElo "1816"]
[PlyCount "63"]
[EventDate "2015.09.06"]
[EventType "team-tourn"]
[EventRounds "9"]
[EventCountry "GER"]
[SourceTitle "EXT 2022"]
[Source "ChessBase"]
[SourceDate "2021.10.06"]
[SourceVersion "1"]
[SourceVersionDate "2021.10.06"]
[SourceQuality "1"]
[WhiteTeam "Wattenscheid SV IV"]
[BlackTeam "Welper SV II"]
[WhiteTeamCountry "GER"]
[BlackTeamCountry "GER"]

1. e4 c5 2. Nf3 Nc6 3. d4 cxd4 4. Nxd4 Nf6 5. Nc3 e5 6. Nxc6 bxc6 7. Bc4 Bb4 8. Qd3 d5 9. exd5 cxd5 10. Bb5+ Bd7 11. 0-0 Bxc3 12. Bxd7+ Nxd7 13. bxc3 0-0 14. Qxd5 Qc7 15. Rb1 Nb6 16. Qf3 Rac8 17. Rb3 f5 18. Be3 e4 19. Qe2 Nd5 20. Bd4 Qa5 21. Qd2 Nb6 22. Rfb1 Nc4 23. Qg5 Rf7 24. Rb7 Qd5 25. Bxg7 Rxb7 26. Bd4+ Kf8 27. Qf6+ Ke8 28. Qh8+ Kd7 29. Qxh7+ Ke6 30. Rxb7 Qd8 31. Qg6+ Kd5 32. Rb5+ 1-0